Países nombrados por Bad Bunny en la Super Bowl - Muerte Súbita - Estadísticas

Estadísticas generales
  • Esta prueba ha sido intentada 149 veces
  • La puntuación promedio es 15 de 25
Answers on the Grid
Answers color-coded by a green-red scale on the quiz's grid according to % correct below.
Estados Unidos
Canadá
México
Guatemala
Honduras
Nicaragua
Belice
El Salvador
Costa Rica
Panamá
Colombia
Venezuela
Surinam
Guyana
Perú
Ecuador
Bolivia
Uruguay
Paraguay
Brasil
Chile
Argentina
Cuba
Haití
República Dominicana
Bahamas
Puerto Rico
San Vicente y las Granadinas
San Cristóbal y Nieves
Santa Lucía
Granada
Antigua y Barbuda
Trinidad y Tobago
Dominica
Barbados
Jamaica
Palaos
Islas Caimán
Aruba
Kiribati
Malvinas
Francia
Reino Unido
Martinica
 
Estadísticas de respuestas
Respuesta % Correcto
México
73%
Uruguay
69%
Chile
68%
Nicaragua
67%
Colombia
65%
El Salvador
65%
Cuba
64%
Paraguay
63%
Puerto Rico
63%
República Dominicana
63%
Venezuela
63%
Argentina
62%
Ecuador
62%
Estados Unidos
62%
Panamá
62%
Perú
62%
Costa Rica
61%
Bolivia
60%
Honduras
60%
Brasil
58%
Guatemala
57%
Canadá
51%
Jamaica
44%
Guyana
36%
Haití
35%
No se encontraron pruebas coincidentes
Distribución de puntuación
Porcentaje de gente con cada puntuación
Porcentaje por número respondido
Historial de tus puntuaciones
No has intentado esta prueba.